Lesbians of color : social and human services /

Saved in:
Bibliografiske detaljer
Hovedforfatter: Hidalgo, Hilda (Author)
Format: Bog
Sprog:engelsk
Udgivet: New York : Haworth Press, c1995
Tags: Tilføj Tag
Ingen Tags, Vær først til at tagge denne postø!

MARC

LEADER 00000nam a22000007i 4500
001 IT\ICCU\UBO\3495575
003 ItRI
005 20260115231833.0
008 081002s1995 xxu|||||| ||||| |||||c
020 |a 156023072X 
040 |b ita  |c importazione bologna sebina 
041 7 |a eng  |2 ISO-639-2 
100 1 |a Hidalgo, Hilda  |0 IT\ICCU\UBOV\267589  |4 aut 
245 1 0 |a Lesbians of color :  |b social and human services /  |c Hilda Hidalgo. 
260 |a New York :  |b Haworth Press,  |c c1995 
300 |a xix, 106 p. ;  |c 23 cm. 
942 |2 ddc  |c BK  |n 0 
952 |0 0  |1 0  |4 0  |6 L_362_830000000000000_HID  |7 0  |9 13882  |a BO  |b BO  |d 2026-01-15  |i 3516  |l 0  |o L 362.830 HID  |p BO3516  |r 2026-01-15 23:18:33  |w 2026-01-15  |x [Sebina 5] [1 v.]  |y BK  |z 1 v. 
999 |c 11948  |d 11948